Fundamentos de finanzas corporativas

Kaydedildi:
Detaylı Bibliyografya
Asıl Yazarlar: Ross, Stephen A (Yazar), Westerfield, Randolph W (Yazar), Jordan, Bradford D (Yazar)
Materyal Türü: Kitap
Dil:İspanyolca
Baskı/Yayın Bilgisi: Ciudad de México McGraw Hill 2001
Edisyon:2a. ed
Konular:
Etiketler: Etiketle
Etiket eklenmemiş, İlk siz ekleyin!

MARC

LEADER 00000nam a2200000 a 4500
001 UCN2060
003 CL-VaPUC
008 010511e20010000MX |||||||||||||||||spa|d
082 0 4 |a 658.151  |b ROS  |2 21 
100 0 |a Ross, Stephen A  |e author  |9 457619 
700 0 |a Westerfield, Randolph W  |e author  |9 457620 
700 0 |a Jordan, Bradford D  |e author  |9 457621 
245 1 0 |a Fundamentos de finanzas corporativas 
250 |a 2a. ed 
300 |a 757 p 
942 |c BK 
945 |d 20010511 00:00:00  |a vberengu 
260 |a Ciudad de México  |b McGraw Hill  |c 2001 
500 |a Incluye cd 
650 0 |a Administración financiera  |9 261146 
650 0 |a Finanzas  |9 260832 
650 7 |a ESTADOS FINANCIEROS  |2 CL-VaPUC  |9 457622 
650 0 |a Mercado financiero  |9 334172 
650 0 |a Planificación financiera  |9 334413 
583 |a last modification  |c 20010511 00:00:00  |k Rodrigo Vera 
999 |c 295220  |d 295218 
952 |0 0  |1 0  |4 0  |6 658_151000000000000_ROS_2001  |7 0  |8 R  |9 348176  |a BIBENE  |b BIBENE  |d 2019-11-20  |i 3724182  |o 658.151 ROS 2001  |p 3724182  |r 2025-01-15  |w 2019-11-20  |y BK_R  |k ICO 
952 |0 0  |1 0  |4 0  |6 658_151000000000000_ROS_2001  |7 0  |8 R  |9 348177  |a BIBENE  |b BIBENE  |d 2019-11-20  |i 3741508  |o 658.151 ROS 2001  |p 3741508  |r 2025-01-15  |w 2019-11-20  |y BK_R  |k ICO 
952 |0 0  |1 0  |4 0  |6 658_151000000000000_ROS_2001  |7 0  |8 R  |9 348178  |a BIBENE  |b BIBENE  |d 2019-11-20  |i 3841405  |o 658.151 ROS 2001  |p 3841405  |r 2025-01-15  |w 2019-11-20  |y BK_R  |k ICO